| 000 | 01076nam a2200265 4500 | ||
|---|---|---|---|
| 001 | 114272 | ||
| 003 | DR-UNIBE | ||
| 005 | 20251210095818.0 | ||
| 008 | 251204b2025 sp ||||| |||| 00| 1 spa d | ||
| 020 | _a9788412951585 | ||
| 040 |
_aBIBLIOTECA UNIBE _bspa _cBIBLIOTECA UNIBE _erda |
||
| 041 | _aspa | ||
| 090 | _aFBIU - PPE CJ R282a | ||
| 100 | 1 | 0 |
_aRead Escobal, Virginia, _d1963- _953433 _eautor |
| 245 | 1 | 0 |
_aAlegría / _cVirginia Read Escobal ; ilustraciones: Ilemi Cuesta Mier |
| 250 | _aPrimera edición | ||
| 260 |
_aAsturias : _bPinta Pinta Editorial, _c2025 |
||
| 300 |
_a[Sin páginas] : _bilustraciones a color ; _c27 x 21 cm |
||
| 500 | _aIncluye datos del autor e ilustrador al final de la obra, en la contraportada comentario de la obra, y un código QR para escanear el cuaderno creativo de la misma para el aula | ||
| 653 | 7 | _aLiteratura juvenil dominicana | |
| 653 | 7 | _aCuentos juveniles dominicanos | |
| 653 | 7 | _aAbolición de la esclavitud - Cuentos juveniles dominicanos | |
| 700 | 1 | 0 |
_aCuesta Mier, Ilemi _9201266 _eilustrador |
| 942 |
_2ddc _cBK |
||
| 999 |
_c114272 _d114272 |
||